00578nam a22002057a 450000500170000001000130001702000260003003500130005603700160006904000120008508200160009710000180011324500520013126000450018327000460022830000270027450000200030165000240032165000270034520170124105913.0 aB-227671 c295.00a9788120330092 aB-227671 bCen Lib/Ret aDPLbEN a005.72bWEM aWempen, Faith aHTML and XHTML step by step /cby Faith Wempen  aNew DelhibPrentice Hall of India c2006 bNew DelhiaM-97, connaught circuse110033 axlviii, 365c22cm(pbk) aIncludes index  aComputer sciencey  aProgramming languages